| 000 | 00460nam a22001697a 4500 | ||
|---|---|---|---|
| 003 | CEME | ||
| 005 | 20210628204126.0 | ||
| 008 | 210309b xxu||||| |||| 00| 0 eng d | ||
| 020 | _a81-7514-005-4 | ||
| 040 | _c. | ||
| 082 | _a658.56 HUT'T | ||
| 100 |
_aHutchins, Grey _968858 |
||
| 245 | _aTaking care of business , how to become more efficient and effective using iso-9000 | ||
| 260 |
_aNEWDELHI _bDEEP & DEEP _c1995 |
||
| 300 | _a222P | ||
| 942 |
_cBK _2ddc |
||
| 999 |
_c576313 _d576313 |
||